Catálogo
Digital

Catálogo
Digital

Desarrollo de las competencias básicas en educación infantil (Record no. 14447)

MARC details
000 -CABECERA
campo de control de longitud fija 01331nam a2200301 4500
003 - IDENTIFICADOR DEL NÚMERO DE CONTROL
campo de control EC-UNACH
006 - CÓDIGOS DE INFORMACIÓN DE LONGITUD FIJA--CARACTERÍSTICAS DEL MATERIAL ADICIONAL
campo de control de longitud fija s||||gr|||| 00| 00
008 - DATOS DE LONGITUD FIJA--INFORMACIÓN GENERAL
campo de control de longitud fija 150116t9999 mx r gr 000 0 spa d
020 ## - NÚMERO INTERNACIONAL ESTÁNDAR DEL LIBRO
Número Internacional Estándar del Libro 978-958-867-516-9
040 ## - FUENTE DE LA CATALOGACIÓN
Centro catalogador/agencia de origen EC-UNACH
Centro/agencia transcriptor EC-UNACH
041 ## - CÓDIGO DE LENGUA
Código de lengua del texto/banda sonora o título independiente spa
082 04 - NÚMERO DE LA CLASIFICACIÓN DECIMAL DEWEY
Número de edición 23
Número de clasificación 155.5
Número de documento/Ítem L017428
100 ## - ENTRADA PRINCIPAL--NOMBRE DE PERSONA
Nombre de persona Muñoz, Aurora
245 ## - MENCIÓN DE TÍTULO
Título Desarrollo de las competencias básicas en educación infantil
Resto del título Propuestas y ejemplificaciones didácticas
250 ## - MENCIÓN DE EDICIÓN
Mención de edición Primera Edición
264 ## - Producción, publicación, distribución, fabricación y copyright
Lugar de producción, publicación, distribución, fabricación Bogota
Nombre del de productor, editor, distribuidor, fabricante Ediciones de la U
Fecha de de producción, publicación, distribución, fabricación o copyright 2010
300 ## - DESCRIPCIÓN FÍSICA
Extensión 152 paginas
Otras características físicas Ilustraciones, Tablas
Dimensiones 24 cm.
500 ## - NOTA GENERAL
Nota general El desarrollo de las competencias básicas en Educación Infantil desde una perspectiva practica, global e integradora
505 ## - NOTA DE CONTENIDO CON FORMATO
Nota de contenido con formato La educación infantil en el marco de la legislación actual.- Las competencias en la Educación Infantil.- Metodología para promover las competencias en el aula propuesta de acción.- Experiencias con metodología activa desarrolladas en el aula con niños y niñas de 3 a 6 años.- Las competencias en el proceso. Caminos y esperanzas
650 ## - PUNTO DE ACCESO ADICIONAL DE MATERIA--TÉRMINO DE MATERIA
Término de materia o nombre geográfico como elemento inicial EVALUACIÓN
650 ## - PUNTO DE ACCESO ADICIONAL DE MATERIA--TÉRMINO DE MATERIA
Término de materia o nombre geográfico como elemento inicial EDUCACIÓN
650 ## - PUNTO DE ACCESO ADICIONAL DE MATERIA--TÉRMINO DE MATERIA
Término de materia o nombre geográfico como elemento inicial PROFESORADO
700 ## - PUNTO DE ACCESO ADICIONAL--NOMBRE DE PERSONA
Nombre de persona Muñoz, Aurora
942 ## - ELEMENTOS DE PUNTO DE ACCESO ADICIONAL (KOHA)
Fuente del sistema de clasificación o colocación Clasificación Decimal Dewey
Tipo de ítem Koha Libros
999 ## - NÚMEROS DE CONTROL DE SISTEMA (KOHA)
Koha biblionumber 14447
Holdings
Estado de pérdida Fuente del sistema de clasificación o colocación Estado dañado No para préstamo Localización permanente Ubicación/localización actual Ubicación en estantería Fecha de adquisición Número de inventario Total de préstamos Signatura topográfica completa Código de barras Fecha visto por última vez Precio válido a partir de Tipo de ítem Koha Centro de costos
  Clasificación Decimal Dewey     Biblioteca Campus Sur Biblioteca Campus Sur Aprendizaje - Enseñanza 25/03/2026 39933104   155.5 MUÑ L017428 L017428 25/03/2026 25/03/2026 Libros  

Powered by Koha